|
|
|
|
| LEADER |
00000cam a2200000 7i4500 |
| 001 |
0000044551 |
| 005 |
20151222.0 |
| 008 |
150106 |
| 020 |
|
|
|a 9838325448
|
| 090 |
0 |
0 |
|a JF
|b NS MAL
|
| 100 |
1 |
|
|a Amril Shah
|
| 245 |
1 |
0 |
|a Teka-teki kehidupan laut
|c Amril Shah
|
| 260 |
|
|
|a Petaling Jaya :
|b Anugerah Pub. ,
|c 2014
|
| 440 |
|
|
|a Siri Pantun Teka-teki
|
| 500 |
|
|
|a Children ages 7-9 years old (orange)
|
| 650 |
|
0 |
|a Pantoums
|
| 650 |
|
0 |
|a Riddles
|x Malay
|
| 999 |
|
|
|a 0001308020
|b Book
|c Children Collection
|e Cawangan Pontian
|
| 999 |
|
|
|a 0001308022
|b Book
|c Children Collection
|e Cawangan Segamat
|
| 999 |
|
|
|a 0001308025
|b Book
|c Children Collection
|e Cawangan Muar
|
| 999 |
|
|
|a 0001308028
|b Book
|c Adult Collection
|e Cawangan Batu Pahat
|
| 999 |
|
|
|a 0001308031
|b Book
|c Children Collection
|e Cawangan Tmn. Ungku Tun Aminah
|
| 999 |
|
|
|a 0001324600
|b Book
|c Children Collection
|e Cawangan Urban Transformation Centre
|
| 999 |
|
|
|a 0001324601
|b Book
|c Children Collection
|e Cawangan AEON Kulaijaya
|